Statistiques concernant Marques de voitures de sports

Cliquez ici pour prendre le quiz!

Statistiques générales

  • Ce quiz a été pris 2 143 fois
  • Le résultat moyen est 12 sur 43

Statistiques - réponses

PaysMarques% Correct
ItalieFerrari
98%
ItalieLamborghini
92%
AllemagneMercedes-Benz
89%
AllemagneBMW
85%
AllemagneAudi
82%
FranceBugatti
79%
AllemagnePorsche
77%
Royaume-UniAston-Martin
64%
FranceAlpine
63%
Royaume-UniMclaren
52%
Royaume-UniBentley
49%
ItalieMaserati
47%
Royaume-UniJaguar
41%
Royaume-UniRolls-Royce
41%
ItaliePagani
39%
SuèdeKoenigsegg
37%
Royaume-UniLotus
30%
Etats-UnisTesla
26%
Etats-UnisCorvette
25%
CroatieRimac
13%
Etats-UnisShelby
13%
DanemarkZenvo
9%
Etats-UnisHennessey
7%
Royaume-UniTVR
7%
Royaume-UniCaterham
5%
Royaume-UniMorgan
5%
Pays basDonkervoort
3%
Royaume-UniNoble
3%
Etats-UnisSSC
3%
LibanW Motors
3%
Royaume-UniAriel
2%
Etats-UnisSaleen
2%
Royaume-UniUltima
2%
Royaume-UniAscari
1%
Royaume-UniBAC
1%
Royaume-UniGinetta
1%
Etats-UnisMösler
1%
Royaume-UniRadical
1%
MexiqueVuhl
1%
Etats-UnisPanoz
0%
Etats-UnisRaesr
0%
Royaume-UniWestfield
0%
AllemagneWiesmann
0%

Distribution des résultats

Percentile par nombre de réponses

% des personnes avec chaque résultat

Votre développement - résultats

Vous n’avez pas pris ce quiz